| 000 | 00592nam a22001937a 4500 | ||
|---|---|---|---|
| 005 | 20161110115106.0 | ||
| 010 | _aENG-116349 | ||
| 020 |
_a9789350357163 _c200.00 |
||
| 035 | _aEN-99881 | ||
| 037 | _bDBAD/PUB | ||
| 082 | _a340.14 | ||
| 100 | _aRosedar S.R.A. | ||
| 245 |
_aLegal languase and legal writing / _cby Roserdar S.R.A |
||
| 250 | _a2nd ed | ||
| 260 |
_aGurgaon _bLexisNexis _c2016 |
||
| 270 |
_a14th Floor, Building No.10, Tower-B, DLF Cyber City, Phase-II _bGurgaon (Haryana) _e122002 |
||
| 300 |
_axvi,257p. _c21cm(pbk) |
||
| 942 |
_2ddc _cEN _mROS _h340.14 |
||
| 999 |
_c104359 _d104359 |
||